Releasing claim of United States to certain property at Pensacola, Fla.

Bibliographic Details
Corporate Authors: United States. Congress. Senate. Committee on Public Lands, ProQuest (Firm)
Format: eBook
Language:English
Published: Washington : [publisher not identified], 1916.
Series:United States congressional serial set.
Subjects:
Online Access:Connect to the full text of this electronic book

MARC

Tag First Indicator Second Indicator Subfields
LEADER 00000cam a22000001a 4500
001 in00003029338
005 20190402185211.0
006 m o d
007 cr un mmmapmmp
008 070803s1916 dcu o f000 0 eng d
035 |a cis2004149648 
040 |a UMI  |c UMI  |d UtOrBLW 
043 |a n-us--- 
099 |a ProQuest Serial Set Number 6900 S.rp.78 
110 1 |a United States.  |b Congress.  |b Senate.  |b Committee on Public Lands. 
245 1 0 |a Releasing claim of United States to certain property at Pensacola, Fla. 
246 1 |a Releasing claim of U.S. to certain property in Pensacola, Florida 
264 1 |a Washington :  |b [publisher not identified],  |c 1916. 
300 |a 1 online resource. 
336 |a text  |b txt  |2 rdacontent 
337 |a computer  |b c  |2 rdamedia 
338 |a online resource  |b cr  |2 rdacarrier 
490 0 |a S.rp.78 
500 |a Record is based on bibliographic data in ProQuest U.S. Serial Set Digital Collection (last viewed Aug. 2007). Reuse except for individual research requires license from ProQuest, LLC. 
510 3 |a ProQuest U.S. Serial Set Digital Collection 
500 |a Electronic resource. 
650 0 |a Claims. 
650 0 |a Federal government. 
651 0 |a Pensacola (Fla.) 
655 7 |a Electronic books.  |2 local 
710 2 |a ProQuest (Firm) 
830 0 |a United States congressional serial set. 
856 4 0 |u http://proxy.library.tamu.edu/login?url=http://congressional.proquest.com/congcomp/getdoc?SERIAL-SET-ID=6900+S.rp.78  |z Connect to the full text of this electronic book  |t 0 
999 |a MARS 
999 f f |s 9d6cba67-c7a9-3f06-991d-9a275e70f0ee  |i 9d6751e2-a0ec-332a-bf23-3f7c7f1449eb  |t 0 
952 f f |a Texas A&M University  |b College Station  |c Electronic Resources  |d Available Online  |t 0  |e ProQuest Serial Set Number 6900 S.rp.78  |h Other scheme 
998 f f |a ProQuest Serial Set Number 6900 S.rp.78  |t 0  |l Available Online